000 00633nam a22002297a 4500
003 UA-OsUOA
001 71263
007 ta
008 20101018b un ||||| |||| 00| 0 ukr d
100 _aКир'ян Н.
700 _aАнтоненко П.
090 _a81
_bК43
942 _cSA
040 _aUA-OsUOA
_bukr
_cUA-OsUOA
_dUA-OsUOA
245 _aНаступ на мову - війна проти нації
300 _aС.8-9
955 _a0
041 _aukr
080 _a81
773 0 _w71262
650 7 _a8 Мовознавство. Художня література. Літературознавство
_2UDC
999 _c357516
_d357516